Венец от песен жива (Запис номер 163927)
[ съкратено ]
| 000 -Лидер | |
|---|---|
| Контролно поле с фиксирана дължина | nam a22 a 4500 |
| 003 - Код на организацията, давaща контролен номер | |
| Контролно поле | BLK |
| 005 - Дата и час на последна редакция | |
| Контролно поле | 20220216105425.0 |
| 008 - Елементи от данни с фиксирана дължина | |
| fixed length control field | 180410b bul|||||r ||||||| ||bul|| |
| 010 ## - Наследен системен номер | |
| LC control number | KNG00171409000 |
| 040 ## - Източник на каталожния запис | |
| Идентификатор на билиотеката - собственик на записа | BLK |
| 041 ## - Код за език | |
| Код за езика на текст/звукозапис или на отделно заглавие | Български |
| Код за езика КДБФ | Български |
| 080 ## - УДК | |
| Текстов определител УДК | Българска литература |
| УДК код - определител по УДК | 821.163.2 |
| УДК определител | -82 |
| УДК - код + определител | 821.163.2-82 |
| 139 ## - Редно поле | |
| Редна дума | Венец от песен жива |
| Авторски знак | Вен - В 46 |
| 245 10 - Сведения за заглавието | |
| Заглавие | Венец от песен жива |
| Подзаглавни данни | Лит. сборник |
| Редно поле (дума) | състав. Рангел Георгиев Игнатов; худож. Борис Димитров Ангелушев. |
| 257 ## - Страна на издаване | |
| Страна на създаване/издаване | България |
| 260 ## - Област на издателските данни | |
| Място на издаване, разпространение и проч. | София |
| Име на издателя, разпространителя и проч. | Държ. воен. изд. |
| Година на издаване | 1962 |
| 300 ## - Физическа характеристика | |
| Страници | 528 с. |
| Илюстрации и др. | с 27 л. ил. |
| Размери/Мащаб | 25 см |
| 380 ## - Жанр | |
| Жанр | Худож. лит. |
| 500 ## - Общи забележки | |
| Забележка | Други състав. : Димитър Мудров, Николай Малчев, Никола Николов, Марчо Николов, Димитър Ненчев, Христо Минчев, Евстати Бурнаски, Гатьо Гатев, Николай Павлов. - 12 295 тир. |
| 700 1# - Други автори (авторска отговорност) | |
| Лично име | Игнатов, Рангел Георгиев |
| Автороска отговорност (Описва отношението между автора и произведението) | състав. |
| 9 (RLIN) | 381998 |
| 700 1# - Други автори (авторска отговорност) | |
| Лично име | Ангелушев, Борис Димитров |
| Автороска отговорност (Описва отношението между автора и произведението) | худож. |
| 9 (RLIN) | 365105 |
| 852 ## - Местоположение | |
| Форматна сигнатура | Цб 24456 |
| 856 4# - Електронен адрес и достъп | |
| Електронен формат | pdf - файл |
| 856 4# - Електронен адрес и достъп | |
| Електронен формат | pdf - файл |
| 999 ## - СИСТЕМНИ КОНТРОЛНИ НОМЕРА | |
| Koha biblionumber | 163927 |
| Koha biblioitemnumber | 163927 |
| 942 ## - АРТИКУЛИ | |
| Вид на библиотечния материал | Книги |
| Скрит в OPAC | Не |
| Периодичен библиозапис | Да |
| 944 ## - СЪЗДАВАНЕ И РЕДАКЦИЯ на ЗАПИСА | |
| Създаване/Редакция | Създаване |
| Дата на регистрацията/редакция | 16.02.2015 |
| Служител, извършил регистрацията/редакцията | Теодора_Стоянова |
| 944 ## - СЪЗДАВАНЕ И РЕДАКЦИЯ на ЗАПИСА | |
| Създаване/Редакция | Редакция |
| Дата на регистрацията/редакция | 21.09.2017 |
| Служител, извършил регистрацията/редакцията | Вася_Ганчева |
| 999 ## - СИСТЕМНИ КОНТРОЛНИ НОМЕРА | |
| Koha biblioitemnumber | 163927 |
| Код за отписване | Код за изгубен артикул | Източник на класификационната схема | Код за повреда | Коз за рестрикции | Код за отдаване | Артикулен № | Име на библиотеката - собственик | Име на библиотеката, в която се намира в момента | Статус (Текущо местоположение) | Дата на вписване в системата | Местоположение - отдел | Цена в лева | Инвентарен номер | Систематично азбучна сигнатура | Баркод | Номер на екземпляра | Цена в евро | Служебна бележка | Служебен тип на артикула | Бележка за публиката |
|---|---|---|---|---|---|---|---|---|---|---|---|---|---|---|---|---|---|---|---|---|
| Изтеглен | Не е изгубен | Universal Decimal Classification | Не е повреден | без рестрикции | заемане за дома | 275289 | Регионална библиотека "Любен Каравелов" Русе | Регионална библиотека "Любен Каравелов" Русе | Заемна - подръчен фонд | 1962-01-01 | Заемна - подръчен фонд | 0.00 | 16911/62 | П 886.7-8/В 46 | 16911/62 | 1 | 0.00 | Дост: Pk Вид: Ф N: стар фонд Дата: 01.01.1962 | Книги | |
| Изтеглен | Не е изгубен | Universal Decimal Classification | Не е повреден | без рестрикции | заемане за дома | 275290 | Регионална библиотека "Любен Каравелов" Русе | Регионална библиотека "Любен Каравелов" Русе | Заемна - подръчен фонд | 1962-01-01 | Заемна - подръчен фонд | 0.00 | 16910/62 | П 886.7-8/В 46 | 16910/62 | 2 | 0.00 | Дост: Pk Вид: Ф N: стар фонд Дата: 01.01.1962 | Книги | |
| Изтеглен | Не е изгубен | Не е повреден | без рестрикции | заемане за дома | 275291 | Регионална библиотека "Любен Каравелов" Русе | Регионална библиотека "Любен Каравелов" Русе | 1962-01-01 | Детски отдел | 2.54 | 17084/62 | Д 886.7/В 46 | 17084/62 | 3 | 1.30 | Дост: Pk Вид: Ф N: стар фонд Дата: 01.01.1962 Дата инв: 31.08.2015 Бележки инв: Д2015 | Книги | Отч.N: 36/2017 , Дата: 05.09.2017 | ||
| Не е изгубен | Universal Decimal Classification | Не е повреден | само за читалня | ползва се в читалня | 275292 | Регионална библиотека "Любен Каравелов" Русе | Регионална библиотека "Любен Каравелов" Русе | Хранилище | 1962-01-01 | Хранилище | 2.54 | 18467/62 | Цб 24456 | 900000089975 | 4 | 1.30 | Дост: Dp Вид: Д N: стар фонд Дата: 01.01.1962 | Книги |